000 00623nam a22001937a 4500
999 _c173604
_d173604
005 20200303152244.0
010 _aB-209007
020 _a8182231620
_c180.00
035 _aB-209007
037 _bBPPD/Pub.
082 _aک
100 _aمسرور جہاں
245 _aاللہ تیری قدرت:
_bافسانوی مجموعہ /
_cمسرور جہاں
246 _aAllah Teri Qudrat (urdu) /
_bby Masroor Jahan
260 _aDelhi
_bEducational Publishing House
_c2006 ء
270 _a3108, Vakil Street, Kucha Pandit, Lal Kuan
_bDelhi
_e110006
300 _a240p.
_c22cm(Hb)
942 _2ddc
_cUR
_hک
_mم س ر